000 00470nam a22001817a 4500
003 CEME
005 20210628210732.0
008 210212b xxu||||| |||| 00| 0 eng d
020 _a0-19-851493-X
040 _c.
082 _a510 MAT
100 _aSewell, Michael
_980764
245 _aMathematics masterclasses stretching the imagination
260 _aOXFORD
_bOXFORD UNIVERSITY PRESS
_c1997
300 _a245P
650 _aMATHEMATICS
_913621
942 _cBK
_2ddc
999 _c585651
_d585651